000
00322nam a2200145Ia 4500
100
_a
Andrews K.R
650
_a
General
942
_c
BK
654
_a
Corporate
245
_a
Concept of Corporate Strategy
260
_b
Taraporevala Publshing Industries
_c
2001
082
_a
658.4
300
_a
245
546
_a
ENGLISH
999
_c
19703
_d
19703